zpět

Detail výsledku týmu

Bounty Rock Cafe, Olomouc

Datum a čas kvízu

30.5 Celkem bodů Celkový počet nahraných bodů na tomto kvízu bez doplňovacích otázek.
6. Pořadí na kvízu Konečné umístění týmu na tomto kvízu.

Zaznamenané odpovědi

# Otázka Odpověď Body Výsledky
1. Rada České televize minulý týd... Sama doma 1
2. Minulý týden se stalo virálním... v záchodové míse 1
3. Jak se jmenuje město na Svitav... Moravská Třebová 1
4. Minulý týden se Česko po 60 le... Transalpský ropovod (Transalpine Pipeline, TAL) 1
5. České hokejistky na domácím mi... USA 1
6. Togo a Tonga sice mají podobné... A 1
7. Dříve v Prusku, nyní v Rusku.... Kaliningrad 1
8. Který z těchto států má největ... A 0
9. Který jazyk je úředním na územ... angličtina; španělština 0.5
10. Ke kvízu patří i pivo, které s... Turnov; Trutnov 0